Exposición histórica del libro (Record no. 46601)

MARC details
000 -LEADER
campo de control de longitud fija 00924nam a2200229 i 4500
001 - NÚMERO DE CONTROL
campo de control 46601
003 - IDENTIFICADOR DE NÚMERO DE CONTROL
campo de control ES-MaACL
005 - FECHA Y HORA DE LA ÚLTIMA TRANSACCIÓN
campo de control 20230906161421.0
007 - CAMPO FIJO DE DESCRIPCIÓN FÍSICA--INFORMACIÓN GENERAL
campo de control de longitud fija t|
008 - DATOS DE LONGITUD FIJA--INFORMACIÓN GENERAL
campo de control de longitud fija 030331s1952 sp ||||1| spa d
111 2# - ENTRADA PRINCIPAL--NOMBRE DE CONGRESO/REUNIÓN
Nombre de congreso/reunión o jurisdicción como elemento de entrada Congreso Ibero-Americano de Archivos, Bibliotecas y Propiedad Intelectual (
Fecha del congreso o de la firma del tratado 1952.
Sede del congreso/Lugar de la reunión Madrid)
9 (RLIN) 388
245 10 - MENCIÓN DEL TÍTULO
Título Exposición histórica del libro
Resto del título : un milenario del libro español : guía del visitante /
Mención de responsabilidad, etc. [redactada por Matilde de López Serrano y Francisco Tolsada].
260 ## - PUBLICACIÓN, DISTRIBUCIÓN, ETC.
Lugar de publicación, distribución, etc. Madrid :
Nombre del editor, distribuidor, etc. [s.n.],
Fecha de publicación, distribución, etc. 1952 (
Lugar de fabricación/manufactura Valencia :
Fabricante Tip. Moderna)
300 ## - DESCRIPCIÓN FÍSICA
Extensión 160 p., 31 lám., 1 lám. pleg. ;
Dimensiones 22 cm.
650 #4 - PUNTO DE ACCESO ADICIONAL DE MATERIA--TÉRMINO DE MATERIA
Término de materia o nombre geográfico como elemento de entrada Libros españoles-
Subdivisión de forma Exposiciones.
9 (RLIN) 153842
655 #7 - TERMINO DE INDIZACIÓN--GENERO/FORMA
Fuente del término tgfbne
9 (RLIN) 193628
Datos o término principal de género/forma Catálogos de exposiciones
700 1# - ENTRADA AGREGADA--NOMBRE PERSONAL
Nombre de persona López Serrano, Matilde.
9 (RLIN) 73985
700 1# - ENTRADA AGREGADA--NOMBRE PERSONAL
Nombre de persona Tolsada, Francisco.
9 (RLIN) 110488
852 ## - LOCALIZACIÓN
Ubicación ES-MaACL
Número de control de estantería C-5866
Sublocalización o colección R.33229
942 ## - ELEMENTOS DE ENTRADA SECUNDARIOS (KOHA)
Fuente del sistema de clasificación o colocación Clasificación decimal universal
Holdings
Estatus retirado Estado de pérdida Fuente del sistema de clasificación o colocación Estado de daño No para préstamo Colección Biblioteca de origen Biblioteca actual Ubicación en estantería Fecha de adquisición Total de préstamos Signatura topográfica completa Código de barras Visto por última vez Precio de reemplazo Tipo de ítem Koha
    Clasificación decimal universal     Biblioteca profesional Biblioteca del Ateneo de Madrid Biblioteca del Ateneo de Madrid Sala Palomar 17/01/2008   C-5866 1049010 23/02/2023 23/02/2023 Libro impreso